El Mensajero de Agartha 7: (Registro nro. 60047)

Detalles MARC
000 -LDR (LÍDER)
fixed length control field 01019cam a2200289 a 4500
008 - FIXED-LENGTH DATA ELEMENTS--GENERAL INFORMATION
fixed length control field 171228s2017 ck a gr 000 fdspa
020 ## - ISBN
ISBN 9789584261649
022 ## - ISSN
ISSN 9584261649
040 ## - FUENTE DE CATALOGACIÓN
Agencia catalogadora original CO-BoBN
Idioma de la agencia catalogadora spa
Agencia que transcribe CO-BoBN
Norma para la descripción rda
082 04 - Clasificación Dewey
Clasificación Dewey Co863.861
Clave de autor M539h
Edition number 23
084 ## - Clasificación facetada
Número de clasificación N MEN1
100 1# - Autor
Nombre Mendoza Zambrano, Mario,
Fechas asociadas al nombre 1964-
Termino relación 23
9 (RLIN) 40723
245 13 - Título
Título El Mensajero de Agartha 7:
Subtítulo El hijo del carpintero /
Mención de responsabilidad Mario Mendoza ; ilustraciones, Book and Play Studio
250 ## - Edición
Edición Tercera edición
264 #1 - Pie de imprenta
Ciudad de publicación Bogotá; Colombia
Editorial Editorial Planeta Colombia
Año 2022
300 ## - Descripción física
Extensión 191 páginas
Otros detalles físicos ilustraciones en blanco y negro
Dimensiones 21 cm
336 ## - Tipo de Contenido
Tipo de contenido texto
Código de tipo de contenido txt
Fuente rdacontenido
337 ## - Tipo de Medio
Tipo de Medio no mediado
Código de tipo de medio n
Fuente rdamedio
338 ## - Tipo de soporte
Tipo de soporte volumen
Código de tipo de soporte nc
Fuente rdasoporte
490 0# - Serie
Serie El mensajero de Agartha ;
Volumen 7
500 ## - Nota
Notas Incluye datos biográficos del autor
650 14 - Asiento secundario de materia - término temático
Encabezamiento temático Novela juvenil colombiana
Subdivisión cronológica Siglo XXI
Fuente del encabezado o término LEMB
710 2# - ASIENTO SECUNDARIO - NOMBRE CORPORATIVO
Nombre de entidad Book and Play Studio,
942 ## - Información adicional
Tipo de material Libro Literatura
650 14 - Asiento secundario de materia - término temático
-- 62960
710 2# - ASIENTO SECUNDARIO - NOMBRE CORPORATIVO
-- 67621
Existencias
Estado de pérdida Fuente del sistema de clasificación o colocación Estado de daño Koha normalized classification for sorting Not for loan Biblioteca Biblioteca actual Localización Fecha de adquisición Koha issues (times borrowed) Signatura topográfica Código de barras Koha date last seen Ejemplar Price effective from Tipo de ítem Colección
  Dewey Decimal Classification   N_MEN1   Biblioteca Pública Dorado Biblioteca Pública Dorado General 02/16/2026   N MEN1 DOR03267 02/16/2026   02/16/2026 LIbro Literatura General
  Dewey Decimal Classification   CO_863_861000000000000_M539H   Biblioteca Pública José Eustasio Rivera - San Martin Biblioteca Pública José Eustasio Rivera - San Martin General 03/11/2026   Co863.861 M539h SM04483 03/11/2026   03/11/2026 LIbro Colección General
  Dewey Decimal Classification   CO_863_000000000000000_M539H   Biblioteca Pública Puerto Lleras Biblioteca Pública Puerto Lleras Literatura 03/13/2026   Co863 M539h PLL02733 03/13/2026   03/13/2026 Libro Literatura Colección General
  Dewey Decimal Classification   CO_863_861000000000000_M539H   Biblioteca Pública Puerto López - Jorge Eliecer Gaitán Biblioteca Pública Puerto López - Jorge Eliecer Gaitán General 02/14/2026   Co863.861 M539h PLZ04377 02/14/2026   02/14/2026 Libro Literatura Literatura General
  Dewey Decimal Classification   CO_863_861000000000000_M539H   Biblioteca Pública Departamental Eduardo Carranza - Villavicencio Biblioteca Pública Departamental Eduardo Carranza - Villavicencio Literatura 12/03/2025   Co863.861 M539h ECA28796 12/03/2025 Ej.1 12/03/2025 LIbro  
  Dewey Decimal Classification   J_CO863_861_000000000000000_M539ME   Biblioteca Pública Departamental Eduardo Carranza - Villavicencio Biblioteca Pública Departamental Eduardo Carranza - Villavicencio Literatura 05/13/2026   J Co863.861 M539me ECA28875 05/13/2026   05/13/2026 Libro Literatura Literatura General
  Dewey Decimal Classification   CO_863_861000000000000_M539H   Biblioteca Pública Germán Arciniegas - Villavicencio Biblioteca Pública Germán Arciniegas - Villavicencio General 02/25/2026   Co863.861 M539h 33540 02/25/2026 Ej.7 02/25/2026 LIbro Sala General Segundo Piso
  Dewey Decimal Classification   N_MEN1   Biblioteca Pública Guamal Biblioteca Pública Guamal Literatura 03/17/2026   N MEN1 GUA005087 03/17/2026   03/17/2026 Libro Literatura Colección General
  Dewey Decimal Classification   CO_863_861000000000000_M539H   Biblioteca Pública Mapiripan Biblioteca Pública Mapiripan Literatura 04/13/2026   Co863.861 M539h MAP00004683 04/13/2026   04/13/2026 Libro Literatura Literatura General
  Dewey Decimal Classification   CO_863_861000000000000_M539H   Biblioteca Pública Mapiripan - Jorge Eliecer Gaitán Biblioteca Pública Mapiripan - Jorge Eliecer Gaitán Literatura 05/14/2026   Co863.861 M539h MPJG01301 05/14/2026   05/14/2026 Libro Literatura Literatura General
  Dewey Decimal Classification   CO_863_861000000000000_M539H   Biblioteca Pública Rural El Yarí- vereda Playa Rica La Macarena Biblioteca Pública Rural El Yarí- vereda Playa Rica La Macarena Literatura 04/20/2026   Co863.861 M539h 9789584261649 05/11/2026   05/11/2026 Libro Literatura Literatura General
  Clasificación Local Facetada   N M E N1   Biblioteca Pública San Juanito - Ernesto Maria Peña Romero Biblioteca Pública San Juanito - Ernesto Maria Peña Romero Literatura 12/17/2025   N MEN1 SJU02484 12/17/2025   12/17/2025 Libro Literatura Literatura General
  Clasificación Local Facetada   N M E N1   Biblioteca Pública San Juanito - Ernesto Maria Peña Romero Biblioteca Pública San Juanito - Ernesto Maria Peña Romero Literatura 02/25/2026   N MEN1 SJU02815 02/25/2026   02/25/2026 Libro Literatura Literatura General









Instituto Departamental de Cultura del Meta - Red Departamental de Bibliotecas Públicas del Meta.